| 000 | 00413nam a2200169 a 4500 | ||
|---|---|---|---|
| 020 | _a0070031436 | ||
| 040 | _cDLC | ||
| 082 | 0 | 0 | _a808 MCG 1992 A093 Or. |
| 100 | 1 | _aTaigen, T. L. | |
| 245 | 1 | 0 | _aBiology write now! / |
| 260 |
_aNew York : _bMcGraw-Hill, _cc1992. |
||
| 300 |
_axiii, 104 p. : _bill. ; _c23 cm. |
||
| 650 | 0 | _aBiology | |
| 650 | 0 | _aReport writing. | |
| 700 | 1 | _aMonninger, Joseph. | |
| 942 | _cEK | ||
| 999 |
_c12847 _d12847 |
||